000
00300nam a22001337a 4500
008
170715b xxu||||| |||| 00| 0 eng d
020
_a
9780691005034
041
_a
eng
080
_a
2
100
_a
24
101
_a
TEO
245
_a
RELIGION AND CULTURAL STUDIES
_c
MIZRUCHI, S.L
942
_2
udc
_c
BK
999
_c
21168
_d
21168